000 00943nam a2200289Ia 4500
001 Z_6031
003 CHAP
008 220113sc199 xx 000 0 und d
010 _a169247
020 _a970-13-0573-6
040 _cCHAP
082 _a338.17640210972 I543
110 _aINEGI (Instituto Nacional de Estadística, Geografía e Informática)
_9138919
245 _aAnálisis y reflexiones sobre las existencias de ganado porcino, ovino y caprino: VII Censo Agropecuario, 1991 /
_cINEGI; Colegio de Postgraduados
260 _aMéxico :
_bINEGI; Colegio de Postgraduados,
_cc199
300 _axxiv, 115 p.
503 _aej.1:
504 _aIncluye índice de cuadros y gráficas
650 _aGanado, Cría de
_xMéxico
_xEstadística
_9143756
710 _aI. INEGI II. Colegio de Postgraduados
_9143757
901 _a338.17640210972 I543
902 _aM
910 _ac199
942 _c1
942 _cc1
999 _c169247
_d169247